banner koha

A saga dos rios voadores (Registro n. 332042)

MARC details
000 -LÍDER
fixed length control field 00943nab a2200301 4500
003 - CÓDIGO MARC DA AGÊNCIA CATALOGADORA
Campo de controle BR-BrBNA
005 - DATA E HORA DA ÚLTIMA ATUALIZAÇÃO
Campo de controle 20250611235910.0
008 - CAMPO DE TAMANHO FIXO
fixed length control field 250611b bl.||||| |||| 00| 0 por d
040 ## - FONTE DA CATALOGAÇÃO
Agência catalogadora BR-BrBNA
Idioma da catalogação por
072 ## - CATEGORIA AGRIS
Código AGRIS K01 ; A50 ; P10 ; P01
100 ## - ENTRADA PRINCIPAL - NOME PESSOAL
Nome pessoal Savanachi, Eduardo
245 ## - TÍTULO PRINCIPAL
Título principal A saga dos rios voadores
Subtítulo Agroeconomia
500 ## - NOTA GERAL
Nota geral 5 illus.
942 ## - ADDED ENTRY ELEMENTS (KOHA)
Koha item type Analítica
650 ## - ASSUNTO - THESAGRO
Cabeçalho tópico ou nome geográfico PESQUISA
650 ## - ASSUNTO - THESAGRO
Cabeçalho tópico ou nome geográfico CLIMATOLOGIA
650 ## - ASSUNTO - THESAGRO
Cabeçalho tópico ou nome geográfico CICLO DA ÁGUA
650 ## - ASSUNTO - THESAGRO
Cabeçalho tópico ou nome geográfico FLORESTA AMAZÔNICA
650 ## - ASSUNTO - THESAGRO
Cabeçalho tópico ou nome geográfico UMIDADE
650 ## - ASSUNTO - THESAGRO
Cabeçalho tópico ou nome geográfico CHUVA
650 ## - ASSUNTO - THESAGRO
Cabeçalho tópico ou nome geográfico REGIÃO CENTRO-OESTE
650 ## - ASSUNTO - THESAGRO
Cabeçalho tópico ou nome geográfico REGIÃO SUDESTE
650 ## - ASSUNTO - THESAGRO
Cabeçalho tópico ou nome geográfico REGIÃO SUL
650 ## - ASSUNTO - THESAGRO
Cabeçalho tópico ou nome geográfico PROTEÇÃO FLORESTAL
650 ## - ASSUNTO - THESAGRO
Cabeçalho tópico ou nome geográfico DESENVOLVIMENTO SUSTENTÁVEL
773 0# - ENTRADA ANALÍTICA
Host Biblionumber 1706
Registro do item 347882
Imprenta São Paulo-SP Editora Três Ltda - E-mail: luizfsa@revistadinheiro.com.br 2004
Outro identificador 2025-0381
Título Dinheiro Rural (Brazil)
ISSN 1807-3700
Colação v. 6(55) p. 22-25; (May 2009)
Número de controle de registro BR2025001308

Nenhum exemplar disponível.

BINAGRI

Telefone: (61)3218-2567/2388/3357/2097 - binagri@agro.gov.br

Ministério da Agricultura e Pecuária , Esplanada dos Ministérios, Bloco D, Anexo B, Brasília/DF, CEP: 70.043-900